Les pays contenant entre 60 % et 70 % de sunnites - Statistiques

Statistiques générales
  • Ce quiz a été pris 11 fois
  • Le résultat moyen est 1 sur 4
Statistiques - réponses
Hint Réponse % Correct
69,87 % Soudan
80%
66,69 % Guinée
30%
64,61 % Émirats Arabes Unis
20%
63,18 % Kirghizistan
10%
Aucun quiz correspondant
Distribution des résultats
% des personnes avec chaque résultat
Percentile par nombre de réponses
Votre historique - résultats
Vous n’avez pas pris ce quiz